Movies Quiz

Random Movies or Actor Quiz
Score 0/10 Timer 02:00
0 Plays Today
% Correct
Zombieland: Double Tap
91.4%
Now You See Me
89.7%
Batman v Superman: Dawn of Justice
87.9%
Zombieland
87.9%
The Social Network
86.2%
The Squid and the Whale
62.1%
To Rome with Love
53.4%
Roger Dodger
51.7%
The Education of Charlie Banks
43.1%
The Hummingbird Project
39.7%
Remove Ads.
Support Sporcle.
Get the best of Sporcle when you Go Orange. This ad-free experience offers more features, more stats, and more fun while also helping to support Sporcle. Thank you for becoming a member.

You're not logged in!

Compare scores with friends on all Sporcle quizzes.
OR
Log In

Show Comments

Extras

Top Quizzes Today


Score Distribution

Your Account Isn't Verified!

In order to create a playlist on Sporcle, you need to verify the email address you used during registration. Go to your Sporcle Settings to finish the process.

Report this User

Report this user for behavior that violates our Community Guidelines.

Details: